| 000 | 01051cam a22003253a 4500 | ||
|---|---|---|---|
| 001 | 23758 | ||
| 003 | PGUSA | ||
| 005 | 20140828083515.0 | ||
| 008 | 071207s2007||||xxu|||||s|||||000 1 eng d | ||
| 040 |
_aPGUSA _beng |
||
| 042 | _adc | ||
| 050 | 4 | _aPZ | |
| 100 | 1 |
_aOptic, Oliver, _d1822-1897 |
|
| 245 | 1 | 0 |
_aWork and Win; Or, Noddy Newman on a Cruise _h[electronic resource] / _cOliver Optic |
| 260 |
_bProject Gutenberg, _c2007 |
||
| 506 | _aPublic domain in the USA. | ||
| 516 | _aElectronic text | ||
| 653 | _aCircus -- Juvenile fiction | ||
| 653 | _aSchooners -- Juvenile fiction | ||
| 653 | _aRunaway children -- Juvenile fiction | ||
| 653 | _aHawaii -- Juvenile fiction | ||
| 653 | _aOrphans -- Juvenile fiction | ||
| 653 | _aNew York (State) -- Juvenile fiction | ||
| 653 | _aShipwreck survival -- Juvenile fiction | ||
| 653 | _aChristian life -- Juvenile fiction | ||
| 653 | _aGuardian and ward -- Juvenile fiction | ||
| 830 | 0 |
_aProject Gutenberg _v23758 |
|
| 856 | 4 | 0 | _uhttp://www.gutenberg.org/ebooks/23758 |
| 942 | _cEB | ||
| 999 |
_c253013 _d253013 |
||